MARC

LEADER 00000nam1a2200000 4500
001 106041
005 20231031114738.0
035 |a (RuTPU)RU\TPU\book\114434 
090 |a 106041 
100 |a 20061130d2006 m y0rusy50 ca 
101 0 |a rus 
102 |a RU 
200 1 |a Математика  |e учебное пособие  |f Е. Г. Пахомова  |g Томский политехнический университет, Институт международного образования 
210 |a Томск  |c Изд-во ТПУ  |d 2006 
700 1 |a Пахомова  |b Е. Г.  |g Елена Григорьевна 
712 0 2 |a Томский политехнический университет (ТПУ)  |b Институт международного образования (ИМО)  |2 stltpush  |3 (RuTPU)RU\TPU\col\6284 
801 1 |a RU  |b 63413507  |c 20061130  |g PSBO 
801 2 |a RU  |b 63413507  |c 20080220  |g PSBO 
942 |c BK